00329nam a2200109Ia 4500008004100000100002400041245005800065245002300123260000900146650001600155856004800171160523s9999 xx 000 0 und d aSanbar, Paul Shadi. aObject Permanence and Borderline Personality Disorder cPaul Shadi Sanbar. c2015 xPsychology. uhttp://www.smashwords.com/books/view/551476